ONLINE PUBLIC ACCESS CATALOG(OPAC)

Introduction to research in the health science (Record no. 64897)

MARC details
000 -LEADER
fixed length control field 00406nam a2200157Ia 4500
008 - FIXED-LENGTH DATA ELEMENTS--GENERAL INFORMATION
fixed length control field 251222s2020 xx 000 0 und d
020 ## - INTERNATIONAL STANDARD BOOK NUMBER
International Standard Book Number 97807020749336
041 ## - LANGUAGE CODE
Language code of text/sound track or separate title eng
082 ## - DEWEY DECIMAL CLASSIFICATION NUMBER
Classification number 610.72 POL
100 ## - MAIN ENTRY--PERSONAL NAME
Personal name Polgar, Stephen and Thomas, Shane
245 ## - TITLE STATEMENT
Title Introduction to research in the health science
250 ## - EDITION STATEMENT
Edition statement 7th ed
260 ## - PUBLICATION, DISTRIBUTION, ETC.
Place of publication, distribution, etc. Poland
Name of publisher, distributor, etc. Elsvier
Date of publication, distribution, etc. 2020
300 ## - PHYSICAL DESCRIPTION
Extent 213p
650 ## - SUBJECT ADDED ENTRY--TOPICAL TERM
Topical term or geographic name entry element Research
Holdings
Withdrawn status Lost status Damaged status Not for loan Home library Current library Shelving location Date acquired Source of acquisition Cost, normal purchase price Total Checkouts Full call number Barcode Date last seen Price effective from Koha item type
        College of Physiotheraphy College of Physiotheraphy R1S2 23/10/2025 CBS Publishers | CBSP 4252.00   610.72 POL PT2054 22/12/2025 22/12/2025 Reference

Powered by Koha